[Event "18th Lviv Tradition November 2017"]
[Site "Lviv"]
[Date "2017.11.06"]
[Round "1"]
[White "Anwesh, Upadhyaya"]
[Black "Shkuran, Danylo"]
[Result "1/2-1/2"]
[WhiteElo "2368"]
[BlackElo "2403"]
[Annotator "NA"]
[PlyCount "62"]
[EventDate "2017.??.??"]
[EventType "tourn"]
[EventCountry "UKR"]
[SourceTitle "playchess.com"]
[Source "ChessBase"]
[SourceQuality "1"]
[TimeControl "5400+30"]

1. e4 c5 2. Nf3 d6 3. d4 cxd4 4. Nxd4 Nf6 5. Nc3 a6 6. f3 e5 7. Nb3 Be6 8. Be3 h5 9. Nd5 Bxd5 10. exd5 Nbd7 11. Qd2 g6 12. Be2 Bg7 13. O-O b6 14. c4 O-O 15. Rae1 Re8 16. Kh1 Rb8 17. Na1 e4 18. Nc2 exf3 19. gxf3 Ne5 20. Nd4 Qd7 21. Bh6 Bxh6 22. Qxh6 b5 23. cxb5 axb5 24. Rg1 Nxd5 25. Rg2 Qe7 26. Bxb5 Rec8 27. Bc6 Nf6 28. Bb5 Nd5 29. Bc6 Nf6 30. Bb5 Nd5 31. Bc6 Nf6 1/2-1/2

[Event "18th Lviv Tradition November 2017"]
[Site "Lviv"]
[Date "2017.11.06"]
[Round "1"]
[White "Sevostianov, Pavel"]
[Black "Shpanko, Nadiia"]
[Result "1/2-1/2"]
[WhiteElo "2264"]
[BlackElo "2085"]
[Annotator "TA"]
[PlyCount "112"]
[EventDate "2017.??.??"]
[EventType "tourn"]
[EventCountry "UKR"]
[SourceTitle "playchess.com"]
[Source "ChessBase"]
[SourceQuality "1"]

{[%evp 12,112,0,0,36,30,29,28,65,55,143,135,125,131,121,144,132,125,131,122,128,125,177,94,112,49,51,47,67,54,71,-2,0,0,0,0,0,0,0,0,0,0,0,0,0,0,8,2,56,47,47,47,65,66,139,80,80,80,80,80,80,80,80,80,80,80,80,80,80,80,80,80,80,80,80,80,80,80,80,80,80,80,80,80,80,80,80,80,80,80,80,80,80,0,80,80,80,80,80,0,0,0,0]} 1. e4 c5 2. Nf3 d6 3. Bb5+ Nd7 4. d4 cxd4 5. Qxd4 a6 6. Be2 {B51: Sicilian: Moscow Variation (3 Bb5+) without 3...Bd7} (6. Bxd7+ Bxd7 7. Nc3 e5 8. Qd3 h6 9. Nd2 Be6 10. Nc4 Rc8 11. Ne3 Nf6 12. O-O Be7 13. Rd1 O-O 14. Bd2 Rc5 15. a4 Qc8 {½-½ (31) Anand,V (2783)-Kasparov,G (2812) Saint Louis 2017}) 6... Ngf6 7. c4 {LiveBook: 10 Games} b6 $146 ({Predecessor:} 7... e6 8. Nc3 b6 9. O-O Bb7 10. Bg5 Be7 11. Rad1 Qc7 12. Bh4 O-O 13. Bg3 e5 {½-½ (40) Zvjaginsev,V (2659)-Khismatullin,D (2656) Taganrog 2011}) 8. Nc3 {White is slightly better.} Bb7 9. O-O g6 10. e5 $1 {[%cal Re5f6]} Bxf3 (10... dxe5 $14 11. Nxe5 Nc5) 11. exf6 $16 ({Don't do} 11. Bxf3 $6 dxe5 12. Qh4 Rb8 $14) 11... e5 12. Bxf3 exd4 13. Re1+ Ne5 14. Bc6+ $1 {[#]} Qd7 $1 {[%mdl 512]} 15. Bxd7+ Kxd7 16. Nd5 Rb8 (16... Re8 $16 {was necessary.} 17. Rd1 (17. Nxb6+ Kc6 $15) 17... Nxc4) 17. b3 (17. Re4 $18) 17... b5 18. Bg5 (18. Re4 $16) 18... bxc4 19. bxc4 Nxc4 {Threatens to win with ...Rb5.} 20. Red1 Na3 {...Rb5 is the strong threat.} 21. Rd3 (21. Rac1 $16) 21... Rb5 (21... Nc2 $5 22. Rc1 $8 Rb5 23. Rxc2 Rxd5 $11) 22. Rxa3 ({Don't blunder} 22. Rxd4 $2 Nc2 $19) 22... Rxd5 23. h4 h6 24. Bd2 Ke6 25. Rxa6 Kxf6 26. Ra8 Bg7 27. Rxh8 Bxh8 $11 {[%mdl 4096] Endgame KRB-KRB} 28. a4 Rc5 29. a5 Rc8 (29... Bg7 $11) 30. Bxh6 $14 Ke6 31. a6 Ra8 32. Kf1 Kd7 {[#]} ({Black should play} 32... f5 $14) 33. a7 ({Better is} 33. g4 $1) 33... Bf6 $16 34. Bg5 Bxg5 35. hxg5 {KR-KR} Kc6 {[#]} 36. Ra6+ $1 Kb5 37. Rxd6 {Black must now prevent Rd7.} Rxa7 38. Rxd4 Kc5 39. Rd2 Re7 40. g3 Re5 41. f4 Rd5 42. Re2 Rd3 43. Kg2 {And now Re7 would win.} Kd6 44. Kh3 Kd7 45. Re4 Rc3 46. Kh4 Rd3 47. Re5 Rf3 48. Kh3 Kd6 49. Kg2 Ra3 50. Re4 Rb3 51. Kf2 Ra3 52. Kg2 Rb3 53. Kh3 Ra3 54. Kh4 Rb3 55. g4 ({White should try} 55. Re5 $16) 55... Rf3 $11 56. Ra4 Ke7 {Precision: White = 78%, Black = 56%.} 1/2-1/2

[Event "18th Lviv Tradition November 2017"]
[Site "Lviv"]
[Date "2017.11.06"]
[Round "1"]
[White "Krzywda, Andrzej"]
[Black "Martynkova, Olena"]
[Result "1/2-1/2"]
[WhiteElo "2174"]
[BlackElo "2261"]
[Annotator "TA"]
[PlyCount "116"]
[EventDate "2017.??.??"]
[EventType "tourn"]
[EventCountry "UKR"]
[SourceTitle "playchess.com"]
[Source "ChessBase"]
[SourceQuality "1"]

{[%evp 18,116,50,39,78,7,62,53,101,102,95,97,101,80,77,79,82,83,122,121,112,113,118,114,169,171,143,115,106,89,93,99,118,33,132,128,105,108,158,152,134,106,106,86,101,0,0,0,0,0,0,0,0,-87,-72,-72,-72,-72,-72,-72,-72,-72,-72,-72,-72,-72,-54,-112,0,0,0,0,0,0,0,0,0,0,0,0,0,0,0,0,0,0,0,0,0,0,0,0,0,0,0,0,0,0,0,0,0]} 1. e4 c5 2. Nf3 e6 3. d4 cxd4 4. Nxd4 Nc6 5. Nc3 Qc7 6. Be3 a6 7. a3 Nf6 8. f4 d6 9. Qf3 Be7 10. O-O-O {LiveBook: 10 Partien. B82: Sizilianisch (Scheveninger System)} Bd7 (10... O-O 11. Be2 Bd7 12. Rhg1 b5 13. g4 b4 14. axb4 d5 15. e5 Ne4 16. Nf5 Bxb4 17. Nxe4 dxe4 18. Qxe4 {1-0 (41) Motylev,A (2680)-Rosen,E (2369) Helsingor 2017}) 11. Nb3 $146 (11. h3 $16) ({Vorgänger:} 11. Kb1 Rc8 12. g4 Nxd4 13. Rxd4 d5 14. Bd3 dxe4 15. Nxe4 Bc6 16. g5 Nxe4 17. Bxe4 Bxe4 18. Qxe4 {½-½ (33) Jarmula,L (2475)-Tomazini,A (2377) Graz 2017}) 11... Rc8 (11... h5 $1 $11) 12. g4 $14 {[%cal Bg2g4,Bg4g5][%mdl 32] Weiß steht etwas besser.} h6 13. h4 h5 14. g5 Ng4 15. Bh3 $1 Nxe3 16. Qxe3 g6 17. Kb1 Na5 18. Nxa5 Qxa5 19. Qd4 O-O 20. f5 Rfd8 (20... Qc5 $16 {war angesagt.}) 21. Rhf1 $1 $18 Qc5 22. fxg6 fxg6 23. e5 Qxd4 24. Rxd4 d5 25. Ne4 (25. Rdf4 $16) 25... Rf8 (25... dxe4 $14 26. Rxd7 Rxd7 27. Bxe6+ Kh8) 26. Nf6+ $16 Bxf6 27. gxf6 (27. Rxf6 $6 Rxf6 28. exf6 Rc5 $11) 27... Rc5 28. Rg1 Kf7 29. c3 Rfc8 30. Rg3 $1 Bb5 31. Rf3 ({Günstiger ist} 31. a4 $1 $16 {[%cal Ra4b5]} Be2 32. Kc2) 31... Rc4 $11 32. Rff4 Rxd4 33. Rxd4 {[%mdl 4096] Endspiel [#] KTL-KTL} g5 $1 {[%mdl 512]} 34. hxg5 Rg8 35. a4 (35. Rf4 $11 {hält das Gleichgewicht.} Be8 36. Rf3) 35... Bc6 36. Rf4 {[#] Schwarz muss nun Lxe6+! beachten.} Bd7 $1 ({Schlechter ist} 36... Rxg5 {[#]} 37. Bxe6+ $1 {[%mdl 512]} Kf8 38. Rf5 $18) 37. c4 {Droht stark cxd5.} Rxg5 38. cxd5 Rxe5 39. dxe6+ Bxe6 40. Bxe6+ Rxe6 $17 {KT-KT} 41. Rf5 Re1+ ({Doch nicht} 41... Rxf6 42. Rxh5 Kg6 43. Rc5 $11) 42. Kc2 Rh1 (42... h4 $17 43. Kd3 h3) 43. Kb3 $11 {Die Stellung ist ausgeglichen.} h4 44. Kb4 $1 h3 45. Rh5 Kxf6 {zielt auf ...Kg6 ab.} 46. Ka5 Kg6 47. Rh8 Kg5 {Und ...Kg4 würde nun gewinnen.} 48. Kb6 Kg4 49. Kxb7 a5 {...Tf1 ist eine echte Drohung.} 50. Kb6 Rb1 (50... Rd1 {is more complex.} 51. Kxa5 Rd5+ 52. Kb6 Rh5 53. Rf8 h2) 51. Kxa5 Rxb2 52. Ka6 Kg3 (52... h2 {is interesting.} 53. a5 Kf4 54. Ka7 Ke4 55. Ka8 Rg2) 53. a5 $1 Rb4 {[#]} 54. Rxh3+ $1 {[%mdl 512]} Kxh3 55. Ka7 Kg4 56. a6 $1 Kf5 57. Ka8 Ke6 58. a7 Ra4 {Precision: Weiß = 77%, Schwarz = 56%.} 1/2-1/2

[Event "18th Lviv Tradition November 2017"]
[Site "Lviv"]
[Date "2017.11.06"]
[Round "1"]
[White "Kryvoruchko, Vita"]
[Black "Bogdanov, Egor"]
[Result "1/2-1/2"]
[WhiteElo "2148"]
[BlackElo "2317"]
[Annotator "TA"]
[PlyCount "103"]
[EventDate "2017.??.??"]
[EventType "tourn"]
[EventCountry "UKR"]
[SourceTitle "playchess.com"]
[Source "ChessBase"]
[SourceQuality "1"]

{[%evp 11,103,32,45,15,60,0,0,0,0,0,0,0,0,0,0,0,0,-10,-3,-34,-29,-22,-21,-88,-38,-91,-86,-85,-89,-74,-35,-68,-26,-70,-57,-57,-51,-40,-19,-19,-12,-12,-12,-12,-12,-12,-12,-14,-14,-33,-47,-58,-58,-58,-58,-58,-58,-65,-29,-29,-29,-42,-42,-47,-47,-72,-72,-72,-72,-72,-72,-72,-72,-72,-72,-72,-72,-72,-72,-72,-72,-72,-72,-72,-71,-71,-71,-71,-71,-71,-71,-71,-48,-48]} 1. d4 Nf6 2. c4 g6 3. g3 Bg7 4. Bg2 O-O 5. Nc3 d6 6. Nf3 Nc6 7. Bf4 {E62: King's Indian: Fianchetto: 6...c6 and Panno Variation (6...Nc6) without ...a6} (7. O-O Bg4 8. d5 Na5 9. b3 c5 10. dxc6 bxc6 11. Bb2 Rb8 12. Qd2 Qc7 13. Rad1 Rfd8 14. h3 Be6 15. Ba1 Nb7 16. Nd4 Bd7 17. Kh2 Nc5 {0-1 (81) Navara,D (2737)-Nakamura,H (2792) Saint Louis 2017}) 7... Nd7 8. e4 $146 (8. O-O $14) ({Predecessor:} 8. Qd2 Re8 9. Bh6 Bf6 10. h4 e5 11. d5 Nd4 12. Ne4 Nc5 13. Nxf6+ Qxf6 14. Nxd4 exd4 {1-0 (37) Pilarski,D (1828)-Bugajski,M (1601) Chotowa 2009}) 8... Nxd4 9. Nxd4 {Strongly threatening Nb3.The position is equal.} e5 10. Be3 $1 {Threatens to win with Nc2.} exd4 11. Bxd4 Ne5 12. O-O c5 $36 {[%mdl 2048] Black is pushing.} 13. Bxe5 $1 Bxe5 14. Qd2 Qa5 15. Rfc1 Be6 16. b3 Rae8 17. Rc2 (17. f4 $11 Bg7 18. Rab1) 17... f5 {[%cal Bf7f5,Bf5f4][%mdl 32]} 18. Re1 {[#]} (18. Rf1 $15) 18... f4 $1 $17 19. Nd5 Qxd2 20. Rxd2 Bxd5 21. Rxd5 Rf6 (21... Bd4 $5 {[%cal Rf4g3]} 22. Rf1 Re6 $15) 22. Red1 Bd4 {aiming for ...f3.} 23. gxf4 Rxf4 24. Rxd6 Ref8 25. Rf1 Bxf2+ (25... Rxf2 {seems wilder.} 26. Rxf2 Bxf2+ 27. Kh1 Bd4 28. Rd7 Rf2) 26. Kh1 Bd4 27. Rxf4 Rxf4 $11 {[%mdl 4096] Endgame KRB-KRB} 28. Rd8+ Kg7 29. Rd7+ Rf7 30. Rxf7+ (30. Bh3 {keeps more tension.} Rxd7 31. Bxd7 Kf6 32. Kg2 Be5 33. h3) 30... Kxf7 {[#] KB-KB} 31. e5 $1 {[%mdl 512]} Ke6 (31... Bxe5 32. Bxb7) 32. Bxb7 Kxe5 33. Kg2 Kf4 34. a4 Ke3 35. a5 Kd3 36. a6 Kc3 37. Bc6 Kxb3 38. Bb5 Kc3 39. Kf3 Kd3 40. h3 Be5 41. Kg4 Bf6 42. Kf3 Kd4 43. Kf4 h5 44. Kf3 g5 45. Kf2 Be5 46. Kf3 Bc7 47. Kf2 g4 48. hxg4 hxg4 49. Kg2 g3 50. Kf3 Kd3 51. Kg2 Ke2 52. Bc6 {Precision: White = 56%, Black = 66%.} 1/2-1/2

[Event "18th Lviv Tradition November 2017"]
[Site "Lviv"]
[Date "2017.11.06"]
[Round "1"]
[White "Zgadzaj, Rafal"]
[Black "Bykovskiy, Oleg"]
[Result "1/2-1/2"]
[WhiteElo "2133"]
[BlackElo "2249"]
[Annotator "TA"]
[PlyCount "102"]
[EventDate "2017.??.??"]
[EventType "tourn"]
[EventCountry "UKR"]
[SourceTitle "playchess.com"]
[Source "ChessBase"]
[SourceQuality "1"]

{[%evp 20,102,-2,0,0,0,0,-21,-7,-7,-7,-7,-7,-7,-9,-17,-7,-7,0,0,-3,-8,0,0,0,0,22,19,10,9,14,0,0,0,0,0,0,0,0,0,0,0,0,0,0,-39,0,0,0,-5,0,0,12,0,0,0,0,0,0,0,0,0,5,2,2,2,6,0,0,0,0,0,0,0,0,0,0,0,4,6,6,6,6,9,13]} 1. c4 e6 2. Nf3 Nf6 3. b3 d5 4. Bb2 Be7 5. e3 O-O 6. Be2 dxc4 {A13: English Opening: 1...e6} (6... c5 7. cxd5 Nxd5 8. Nc3 Nc6 9. O-O b6 10. d4 Nxc3 11. Bxc3 Bf6 12. Rc1 cxd4 13. Nxd4 Nxd4 14. Bxd4 Bxd4 15. Qxd4 Qxd4 16. exd4 Bb7 17. Rc7 {½-½ (32) Topalov,V (2761)-Nakamura,H (2787) Paris 2016}) 7. bxc4 c5 8. O-O Nc6 9. d4 b6 10. Nc3 cxd4 11. exd4 {LiveBook: 5 Games} Na5 $146 ({Predecessor:} 11... Bb7 12. Qd2 Rc8 13. Rac1 Na5 14. Ne5 Nd7 15. Nxd7 Qxd7 16. Nd1 Rfd8 17. Ne3 Bg5 18. d5 Qe7 19. Bd3 exd5 {½-½ (28) Votava,J (2534)-Jurcik,M (2496) Czechia 2013}) 12. Ne5 Bb7 13. Rc1 Rc8 14. Nb5 a6 15. Nc3 Nd7 16. Nxd7 Qxd7 17. Na4 $1 Rfd8 18. c5 bxc5 19. Nxc5 Bxc5 20. Rxc5 Nc6 {[%cal Ba5c6,Bc6e7,Be7f5][%mdl 32]} 21. Qb3 Ne7 22. Rfc1 Nf5 23. Rxc8 Rxc8 24. Rxc8+ Qxc8 25. Qc4 Qa8 26. Bf1 a5 27. a4 Bd5 28. Qc5 Bc6 29. Qc4 Nd6 30. Qc2 h6 31. Bc3 Nf5 32. Qd2 Nh4 {[%cal Rc6g2]} 33. Qf4 {The position is equal.} Nf5 34. Qe5 Bd5 35. Qc7 Bb3 $1 36. Qxa5 (36. Qd7 {is more complex.} Bd5 37. g3 Bc6 38. Qc7 Bxa4 39. Bg2) 36... Qxa5 37. Bxa5 Bxa4 $11 {[%mdl 4096] Endgame KBB-KBN} 38. Bb6 Bc6 39. Bd3 Nh4 40. f3 f5 41. Bd8 g5 42. Kf2 Kf7 43. h3 Bd5 44. Be2 Ng6 45. g3 f4 46. Bd3 fxg3+ 47. Kxg3 Nf4 48. Bb5 Kg6 49. h4 Kf5 50. hxg5 hxg5 51. Bc7 Bb7 {Precision: White = 70%, Black = 64%.} 1/2-1/2

[Event "18th Lviv Tradition November 2017"]
[Site "Lviv"]
[Date "2017.11.07"]
[Round "2"]
[White "Shkuran, Danylo"]
[Black "Sevostianov, Pavel"]
[Result "1/2-1/2"]
[WhiteElo "2403"]
[BlackElo "2264"]
[Annotator "TA"]
[PlyCount "65"]
[EventDate "2017.??.??"]
[EventType "tourn"]
[EventCountry "UKR"]
[SourceTitle "playchess.com"]
[Source "ChessBase"]
[SourceQuality "1"]

{[%evp 11,65,9,15,8,16,18,17,18,18,4,21,9,6,19,8,11,8,12,23,13,18,16,16,16,16,16,16,16,16,16,16,16,16,16,16,16,9,6,15,14,21,11,18,10,18,14,13,13,27,29,32,32,32,32,32,32]} 1. d4 Nf6 2. Nf3 g6 3. Bf4 Bg7 4. e3 O-O 5. h3 d6 6. Be2 Nc6 7. Nc3 {A48: 1 d4 Nf6 2 Nf3 g6: Torre, London and Colle Systems} (7. Bh2 Nd7 8. a4 e5 9. a5 exd4 10. exd4 a6 11. O-O Re8 12. Nc3 Nf6 13. Re1 h6 14. d5 Ne7 {½-½ (50) Carlsen,M (2850)-Aronian,L (2784) Berlin 2015}) 7... Nd7 8. O-O e5 9. Bg5 {[%cal Bf4g5,Bg5h4,Bh4g3][%mdl 32] The position is equal.} f6 10. Bh4 Kh8 11. Qd2 g5 12. Bg3 f5 13. dxe5 Ndxe5 $146 ({Predecessor:} 13... dxe5) 14. Rad1 Be6 15. b3 a6 16. Nd5 Nxf3+ 17. Bxf3 Ne5 {[#] Hoping for ...f4!} 18. Be2 c6 19. Nb4 d5 20. Nd3 Nxd3 21. Bxd3 Qe7 22. c4 Rad8 23. Qe2 dxc4 24. Bxc4 Bxc4 25. Qxc4 h6 26. Qc2 Rf7 27. Rd3 Rxd3 28. Qxd3 Kh7 29. Rd1 Kg6 30. Bb8 h5 31. g4 {White is slightly better.} hxg4 32. hxg4 Qe4 33. Qxe4 {Precision: White = 89%, Black = 77%.} 1/2-1/2

[Event "18th Lviv Tradition November 2017"]
[Site "Lviv"]
[Date "2017.11.07"]
[Round "2"]
[White "Martynkova, Olena"]
[Black "Anwesh, Upadhyaya"]
[Result "0-1"]
[WhiteElo "2261"]
[BlackElo "2368"]
[Annotator "TA"]
[PlyCount "124"]
[EventDate "2017.??.??"]
[EventType "tourn"]
[EventCountry "UKR"]
[SourceTitle "playchess.com"]
[Source "ChessBase"]
[SourceQuality "1"]

{[%evp 16,124,18,13,20,15,22,14,20,10,10,9,9,2,10,13,39,13,96,40,224,215,290,293,334,58,53,61,59,-23,-14,-14,-22,-15,-15,-52,-51,-30,-17,-78,-65,-67,-13,-19,-26,-23,-11,-84,-86,-89,-97,-92,-95,-103,-104,-113,-105,-113,-112,-143,-147,-160,-160,-160,-160,-195,-192,-206,-183,-183,0,-206,-206,-200,-202,-220,-220,-221,-221,-221,-203,-236,-199,-221,-221,-244,-221,-222,-222,-483,-418,-480,-476,-436,-324,-1220,-1191,-29972,-29973,-29971,-29970,-29969,-29970,-29970,-29970,-29969,-29970,-29980,-29981,-29981,-29982]} 1. d4 Nf6 2. c4 e6 3. g3 d5 4. Nf3 g6 5. Bg2 Bg7 6. O-O O-O 7. Qc2 b6 {D77: Fianchetto Grünfeld: 6 0-0: Replies other than 6...c6} (7... Nc6 8. Rd1 a5 9. a3 Ne7 10. Nc3 b6 11. Bf4 Bb7 12. cxd5 exd5 13. Rac1 Ne8 14. b4 axb4 15. axb4 {1-0 (30) Matlakov,M (2691)-Lu,S (2595) Ningbo 2015}) 8. cxd5 exd5 9. Bf4 {LiveBook: 3 Games} Na6 {The position is equal.} 10. Nc3 c6 11. Ne5 $146 ({Predecessor:} 11. Rfd1 Bb7 12. a3 Re8 13. Rac1 Nb8 14. Nd2 Nh5 15. Bxb8 Rxb8 {½-½ (24) Aderito,P (2323)-Calicoca,W (2132) Uige 2013}) 11... Bb7 12. Qa4 Qe8 13. Rfe1 Nh5 14. e4 $36 {[%cal Re4d5][%mdl 2048] White has good play.} Nxf4 15. gxf4 {[%cal Re4d5]} dxe4 16. Nxe4 Qd8 {[#]} (16... Qe7 $1 $11) 17. Rad1 ({Much worse is} 17. Nxc6 Bxc6 18. Qxc6 Nb4 $11) (17. Qa3 $1 $16) 17... Nb8 $2 (17... Nc7 $14) 18. Qa3 $18 Bc8 19. Nd6 Be6 20. Nxc6 $2 (20. d5 $18 Bxe5 21. dxe6 (21. Rxe5 Bxd5 22. Rexd5 cxd5 $16) (21. fxe5 cxd5 22. Bxd5 Bxd5 $14) 21... Bxd6 22. Rxd6) 20... Nxc6 $14 21. Bxc6 {Black must now prevent d5.} Rb8 22. Bg2 (22. d5 $14 Bg4 23. Rd2) 22... Bg4 $11 23. Rd3 Qf6 24. h3 Bd7 25. d5 Rfd8 26. Ne4 Qxb2 27. Qe7 (27. Qxa7 $11 Ra8 28. Qc7) 27... Bf5 $17 28. Rd2 Qb5 (28... Rd7 $1 $15 29. Qh4 Qb4) 29. Nd6 $11 Qd7 30. Nxf5 Qxf5 31. Rde2 (31. d6 $11) 31... Qxf4 $17 32. Re4 Qd6 33. Qxd6 Rxd6 34. Re8+ Rxe8 35. Rxe8+ {[%mdl 4096] Endgame KRB-KRB} Bf8 36. Rc8 Rf6 37. Rc6 Rf4 38. Rc2 Rd4 39. Kf1 Bc5 40. Ke2 Kf8 41. Rc3 Ke7 42. Re3+ Kf8 $2 {[#]} ({Black should play} 42... Kd6 $19 {aiming for ...Ra4.} 43. Re4 Rxd5) 43. Rd3 $2 (43. Rc3 $11 {and White stays safe.} Ra4 44. Rc2) 43... Rf4 $19 44. Bf3 Ke7 45. Kf1 Kd6 46. Kg2 a5 {[%cal Ba7a5,Ba5a4,Ba4a3][%mdl 32]} 47. Rd2 Ra4 48. Rb2 Rd4 49. Kg3 a4 50. Re2 a3 51. Be4 b5 {[%cal Bb6b5,Bb5b4][%mdl 32]} 52. f3 $2 (52. Bc2 {was necessary.}) 52... Rb4 53. f4 f5 54. Bg2 Rb2 55. Bf1 $2 (55. Re6+ Kd7 56. Bf1) 55... b4 56. Rxb2 axb2 {KB-KB. Black mates.} 57. Bd3 Kxd5 58. Kf3 Kd4 59. Bb1 Kc3 60. Ke2 Bb6 61. h4 h5 62. Bd3 Bd8 {Precision: White = 32%, Black = 64%.} 0-1

[Event "18th Lviv Tradition November 2017"]
[Site "Lviv"]
[Date "2017.11.07"]
[Round "2"]
[White "Bykovskiy, Oleg"]
[Black "Bogdanov, Egor"]
[Result "1/2-1/2"]
[WhiteElo "2249"]
[BlackElo "2317"]
[Annotator "TA"]
[PlyCount "226"]
[EventDate "2017.??.??"]
[EventType "tourn"]
[EventCountry "UKR"]
[SourceTitle "playchess.com"]
[Source "ChessBase"]
[SourceQuality "1"]

{[%evp 24,226,0,0,0,0,0,0,0,-74,-34,-34,-35,-33,-40,-40,-40,-60,-68,-71,-31,-42,-34,-36,-4,-9,0,-51,-47,-53,-38,-62,-54,-60,-60,-77,-20,-20,-17,-27,-31,-34,0,0,0,0,0,0,0,0,0,0,0,0,0,0,0,0,0,0,0,0,0,0,0,0,0,0,0,0,0,0,0,82,4,5,16,0,11,0,19,25,626,626,626,626,626,626,626,626,626,188,626,626,626,626,626,626,626,626,626,626,626,626,626,626,626,626,626,626,621,618,626,618,618,618,618,578,570,570,570,555,576,556,530,519,490,483,475,0,0,0,0,0,0,0,0,0,0,0,0,0,0,0,0,0,0,0,0,0,0,0,0,0,387,0,0,0,0,0,0,0,0,0,0,0,0,0,0,0,0,0,0,0,0,0,0,0,0,0,0,0,0,0,0,0,0,0,11,18,29974,29975,29974,1,57,0,0,0,0,0,0,0,0,0,0]} 1. e4 c5 2. c3 Nf6 3. e5 Nd5 4. Bc4 e6 5. Nf3 d6 6. d4 cxd4 7. cxd4 Nc6 8. O-O Be7 9. Qe2 O-O 10. Nc3 Nxc3 11. bxc3 dxe5 12. dxe5 b6 13. Qe4 Qc7 {B22: Sicilian: 2 c3} 14. Bg5 Bb7 (14... Nxe5 15. Bxe7 Nxc4 16. Qxa8 Qxe7 17. Qe4 Qc7 18. Ng5 g6 19. Qh4 f6 20. Nxh7 g5 21. Nxf6+ Rxf6 22. Qxg5+ {1-0 (34) Szabo,G (2549)-Pichot,A (2548) chess.com INT 2017}) 15. Bd3 {[%csl Gd3][%cal Re4h7]} g6 16. Qe3 (16. Qh4 $11) 16... Nxe5 17. Nxe5 Bxg5 $1 18. Qxg5 f6 19. Qg4 $1 {[%cal Rg4e6]} fxe5 20. Rae1 $146 ({Predecessor:} 20. Qxe6+ Kg7 21. Rae1 {½-½ (70) Krueger,R (1930)-Ros Alonso,J (2119) Berlin 2017}) 20... Rae8 21. Re3 Re7 22. Rfe1 Bd5 23. c4 Rf4 (23... e4 $5 {[%cal Re4d3]} 24. cxd5 exd3 $15) 24. Qg5 Bxc4 25. Rxe5 (25. g3 $11 Rd4 26. Bxc4 Rxc4 27. Rxe5) 25... Ref7 $15 26. Rc1 Qd6 27. Bxc4 Rxc4 28. Rce1 Qd4 29. R5e2 $1 Qf4 (29... Kg7 $17) 30. Qd8+ $11 Kg7 31. f3 Qf6 32. Qd3 Rd4 33. Qb3 Re7 34. Rxe6 Rxe6 35. Rxe6 Rd1+ 36. Qxd1 Qxe6 {[%mdl 4096] Endgame KQ-KQ} 37. g4 Qxa2 38. Qd4+ Kf7 39. Qd7+ Kf6 40. Qxh7 Qf7 41. Qh8+ Ke6 42. Kg2 b5 43. Qd4 Qb7 44. g5 b4 45. Qf6+ Kd7 $1 46. Qf7+ ({Don't do} 46. Qxg6 $6 Qd5 $14) 46... Kc8 $1 47. Qxg6 b3 $1 48. Qe8+ Kc7 49. Qe5+ Kc6 50. Qc3+ Kd6 {With the idea ...b2.} 51. g6 b2 52. g7 Qb8 $2 {[%mdl 8192]} (52... b1=Q $11 53. Qd2+ Ke7) 53. Qf6+ $18 Kd5 54. Qf7+ Ke5 55. g8=Q Qxg8+ 56. Qxg8 {Qg7+ would kill now.} b1=Q {KQ-KQ} 57. Qg5+ $2 (57. Qg7+ Kd5 58. h4) 57... Ke6 $2 (57... Kd6 58. h4 Qa2+ 59. Kg3 Qa1 60. Qf4+ Ke7 61. Qe4+ Kf7 62. Qc4+ Kg7 63. Qg4+ Kf8 64. Qf5+ Kg7 65. Qg5+ Kh7) 58. Qe3+ Kf6 59. Qxa7 Qg6+ {[#]} 60. Kh1 $1 {Qb6+ is the strong threat.} Qd3 61. Qb6+ Ke5 62. Kg2 Qc4 63. Qe3+ Kf5 64. Qd2 Qg8+ 65. Kf2 Qc4 66. h3 Qc5+ 67. Kg2 Qa7 68. Qd5+ Kg6 69. h4 Qa1 70. Qg5+ Kh7 71. h5 Qe1 {intending ...Qe2+.} 72. Qg6+ Kh8 73. Qe4 Qd2+ 74. Kh3 Qd7+ 75. Qg4 Qd1 {If Black can now play ...Qh1+ this consolidates a bit.} 76. Kg3 $2 (76. Qc8+ $18 Kg7 77. Qg4+ Kh8 78. Qc8+ Kg7 79. Qg4+ Kf6 80. Qf4+ Kg7 81. Kh4) 76... Qe1+ $11 77. Kf4 Qd2+ 78. Ke5 Qc3+ 79. Kd5 Qb3+ 80. Kd6 Qb6+ 81. Ke5 Qc5+ 82. Kf6 {[%csl Gf6][%cal Rg4g7]} Qf8+ 83. Kg5 Qd8+ 84. Kf4 Qd4+ 85. Kg3 Qg1+ $1 86. Kh4 Qe1+ 87. Qg3 Qe7+ 88. Kh3 Qe2 $2 {[%mdl 8192]} (88... Qd7+ $1 $11 89. Qg4 Qd3) 89. h6 $2 ({Better is} 89. Qb8+ $18 Kg7 90. Qf4) 89... Qf1+ 90. Kh4 {[%csl Gh6][%cal Rg3g7]} Qh1+ $1 91. Kg4 {White wants to mate with Qe5+.} Kh7 92. Qf4 Qg2+ 93. Kf5 Qg6+ 94. Ke5 Qe8+ 95. Kd4 Qd8+ 96. Ke4 Qe8+ 97. Kd3 Qb5+ 98. Ke3 {Black must now prevent Qd6.} Qc5+ 99. Ke2 {aiming for Qe4+.} Qb5+ 100. Kf2 {Strongly threatening Qf6.} Qc5+ 101. Qe3 Qh5 102. Qe6 {And now Qc6 would win.} Qh4+ 103. Ke2 Qh2+ 104. Kd3 {Threatens to win with Qf6.} Qh1 105. Ke4 {Hoping for Qc6.} Qb1+ 106. Ke5 Qb2+ $2 {[%mdl 8192] [#]} (106... Qh1 $11) 107. Kf5 $1 Qb5+ 108. Kf4 $2 (108. Qe5 {mates} Qd7+ 109. Qe6 Qb5+ 110. Qe5 Qd7+ 111. Kg5 Qd2+ 112. f4 Qd8+ 113. Qf6 Qg8+ 114. Kh4) 108... Qf1 $1 109. Qf6 (109. Qc6 $14) 109... Qc1+ {The position is equal.} 110. Ke4 {[%csl Gh6][%cal Rf6g7]} Qc2+ 111. Ke5 {[%csl Gh6][%cal Rf6g7]} Qc3+ 112. Ke6 Qc6+ 113. Ke7 {[%csl Gh6][%cal Rf6g7]} Qc7+ {Precision: White = 58%, Black = 53%.} 1/2-1/2

[Event "18th Lviv Tradition November 2017"]
[Site "Lviv"]
[Date "2017.11.07"]
[Round "2"]
[White "Zgadzaj, Rafal"]
[Black "Krzywda, Andrzej"]
[Result "1/2-1/2"]
[WhiteElo "2133"]
[BlackElo "2174"]
[Annotator "TA"]
[PlyCount "65"]
[EventDate "2017.??.??"]
[EventType "tourn"]
[EventCountry "UKR"]
[SourceTitle "playchess.com"]
[Source "ChessBase"]
[SourceQuality "1"]

{[%evp 27,65,10,8,23,12,13,23,18,12,9,9,9,15,0,0,0,15,0,12,-39,-12,-49,0,-52,16,23,21,-20,0,0,27,21,33,25,37,30,41,38,32,37]} 1. e4 e5 2. Nf3 Nc6 3. Bb5 Nf6 4. O-O Nxe4 5. d4 Nd6 6. Bxc6 dxc6 7. dxe5 Nf5 8. Qxd8+ Kxd8 9. h3 Ke8 10. Nc3 h5 {C67: Spanische Partie (Berliner Verteidigung)} 11. Bf4 Be7 12. Rad1 Be6 13. Ng5 Rh6 14. g3 Bxg5 {LiveBook: 35 Partien} 15. Bxg5 Rg6 16. h4 f6 17. exf6 gxf6 18. Bf4 {[#]} Rc8 $146 19. Kh2 Kf7 20. Ne4 b6 21. Rfe1 Rgg8 22. a3 Rge8 23. b3 (23. f3 $11) 23... Re7 24. Nc3 Rce8 (24... c5 $5 {[%cal Rf5d4]}) 25. Rd2 (25. b4 $11) 25... Bc8 ({Lieber} 25... c5 $1 $15) 26. Rxe7+ $11 Rxe7 27. Re2 Be6 {[#] Droht ...Sd4 und aus.} 28. Rd2 a6 29. Kg2 Ke8 30. Kf1 Rd7 31. Ne4 Rxd2 32. Bxd2 Nd4 33. Nxf6+ {Precision: Weiß = 37%, Schwarz = 34%.} 1/2-1/2